The I.T Crowd Episodes - Statistics

General Stats
  • This quiz has been taken 96 times
  • The average score is 11 of 25
Answer Stats
Season Episode Episode Title % Correct
Season 1 1 Yesterday's Jam
76%
Season 2 1 The Work Outing
66%
6 Aunt Irma Visits
58%
5 Friendface
53%
4 The Dinner Party
53%
Season 3 2 Are We Not Men?
50%
3 Moss and the German
47%
Season 5 1 The Internet Is Coming
47%
2 Calamity Jen
45%
4 Italian for Beginners
45%
Season 4 1 Jen the Fredo
45%
2 Return of the Golden Child
45%
4 The Red Door
45%
3 Fifty-Fifty
39%
6 Calendar Geeks
37%
6 Reynholm vs Reynholm
37%
5 The Haunting of Bill Crouse
37%
Season 3 1 From Hell
34%
2 The Final Countdown
32%
4 The Speech
32%
5 Bad Boys
29%
5 Smoke and Mirrors
29%
3 Something Happened
26%
6 Men Without Women
24%
3 Tramps Like Us
21%
No matching quizzes found
Score Distribution
Percent of People with Each Score
Percentile by Number Answered
Your Score History
You have not taken this quiz